Geografia dla hardkorów - część 3 (Ameryka Północna) - Statystyki

Ogólne statystyki
  • Ten quiz został rozwiązany 26 razy
  • Średni wynik to 14 z 22
Statystyki odpowiedzi
Hint Odpowiedź % Poprawnych
Największe państwo tego kontynentu, leżące wyłącznie na wyspach. Kuba
84%
Jedyna nazwa państwa pochodząca od imienia kobiety. Saint Lucia
84%
Na fladze tego kraju jest papuga. Dominika
72%
82% mieszkańców tego kraju stanowią osoby pochodzenia afrykańskiego. Jego domena internetowa to .gd. Grenada
72%
W północno-wschodniej części tego państwa znajdują się ruiny Tikal - jednego z największych miast Majów. Gwatemala
72%
Potomkowie polskich legionistów, wysłanych przez Napoleona, do dzisiaj żyją w tym państwie. Haiti
72%
Agresywna polityka tego państwa doprowadziła do wybuchu w 1969 roku tak zwanej Wojny Futbolowej. Honduras
68%
Z tego kraju pochodzi piosenka Cielito Lindo, która w okresie II wojny światowej była bardzo popularna w Warszawie. Meksyk
68%
W tym kraju, w miejscowości Yaviza kończy się Droga Panamerykańska. Panama
68%
Wyspy będące głównym punktem przerzutowym narkotyków do USA. Bahamy
64%
Element jego flagi ma pewien element wspólny z godłem Ukrainy. Barbados
64%
Gwatemala początkowo nie uznała niepodległości tego państwa i rościła sobie prawa do całości jego terytorium. W 1991 roku w końcu oba państwa podpisały porozumienie, choć Gwatemala wciąż uznaje za terytorium sporne jedną z jego prowincji. Belize
64%
Roczna opłata za możliwość prowadzenia budki z hotdogami na terenie najpopularniejszego parku miejskiego w tym kraju może kosztować nawet milion złotych. USA
64%
Państwo to składa się z dwóch głównych wysp. Druga, mniejsza z nich została zasiedlona około 1500 roku naszej ery, lecz stała się przez chwilę ponownie bezludna w 2017 roku, gdy wszyscy jej mieszkańcy zostali ewakuowani w związku z nadciągającym huraganem Irma. Antigua i Barbuda
56%
Flaga tego państwa nie zawiera w sobie koloru czerwonego, niebieskiego, ani białego. Jamajka
56%
Najbardziej zaludnione miasto tego kraju ma w swojej nazwie trzy literki "o". Kanada
56%
W jego fladze widnieją trzy zielone romby. Saint Vincent i Grenadyny
56%
Fragment wybrzeża leżącego na wschodzie tego państwa nosi nazwę Zatoki Moskitów. Nikaragua
52%
W języku polskim czasami jest nazywane "Wyspą Świętego Krzysztofa". Saint Kitts i Nevis
52%
Przywódca tego kraju (2025) jest twórcą największego więzienia na świecie i nazywa siebie "najweselszym dyktatorem świata". Salwador
52%
Stolica tego kraju jest czwartym największym miastem Ameryki Północnej. Dominikana
48%
Jedna z jego prowincji nosi nazwę Puntarenas. Do tej prowincji należy Wyspa Kokosowa, która jest uznawana za najdalej na zachód wysunięty punkt Ameryki Północnej. Kostaryka
48%
Nie znaleziono quizów pasujących do podanych kryteriów
Rozkład punktacji
Procent ludzi z każdym wynikiem
Percentyl według liczby udzielonych odpowiedzi
Twoja historia wyników
Nie rozwiązałeś tego quizu